Pizza General Knowledge - Statistics

General Stats
  • This quiz has been taken 36,605 times
    36,581 since last reset
  • The average score is 12 of 19
Answer Stats
Hint Answer % Correct
What controversial topping goes on Hawaiian pizza? Pineapple
96%
What kind of cheese is traditionally used on pizza? Mozzarella
95%
What's the most popular pizza topping in the U.S.? Pepperoni
90%
What city is famous for its "deep dish" pizza? Chicago
84%
What green topping goes on a Pizza Margherita? Basil
76%
In what city did the world's first pizzeria open in 1830? Naples
76%
What salty fish is a common (but often disliked) pizza topping? Anchovy
75%
Fill in the blank. In 2010, someone traded 10,000 _______ for two pizzas, which today would be worth more than $500 million. Bitcoin
70%
What do you call a pizza that's folded over in a half moon? Calzone
68%
Cowabunga dude! What famous cartoon foursome are known for their love of pizza? Teenage Mutant Ninja Turtles
60%
On what volcano's slopes were San Marzano tomatoes first grown? Mt. Vesuvius
57%
Keep the change ya filthy animal! What movie featured pizza chain Little Nero's? Home Alone
50%
What movie features a restaurant named Pizza Planet? Toy Story
48%
In what country can you go to Pizza Hut and order a pizza with mayonnaise, shrimp, and a spicy cod roe sauce? Japan
46%
What do you call a pizza without tomato sauce? {White} pizza
42%
Put on your thinking cap. What's the volume of a pizza with radius z and height a? pi*z*z*a
39%
Keep that thinking cap on. In what Manhattan neighborhood was the first pizzeria in the United States opened in 1905? Little Italy
34%
What does "pizza quattro stagioni" translate to? {Four} {Seasons} Pizza
33%
What Julia Roberts movie is about a Connecticut pizza restaurant? {Mystic} Pizza
29%
No matching quizzes found
Score Distribution
Percent of People with Each Score
Percentile by Number Answered
Your Score History
You have not taken this quiz since the last reset